Controlled and living polymerizations : methods and materials /

Guardado en:
Otros Autores: Müller, Axel H. E. (Editor ), Matyjaszewski, K. (Editor )
Formato: Libro
Idioma:English
Publicado: Weinheim : Wiley-VCH, c2009.
Materias:
Etiquetas: Agregar Etiqueta
Sin Etiquetas, Sea el primero en etiquetar este registro!
LEADER 01791cam a22002657a 4500
001 EIQ.libpla004316
008 100303s2009####gw#a#####b####001#0#eng#d
005 20121214145514.0
245 0 0 |a Controlled and living polymerizations :  |b methods and materials /  |c edited by Axel H.E. Müller and Krzysztof Matyjaszewski. 
260 |a Weinheim :  |b Wiley-VCH,  |c c2009. 
300 |a xxi, 612 p. :  |b il. ;  |c 25 cm. 
504 |a Incluye referencias bibliográficas e índice. 
505 0 |a Anionic vinyl polymerization / Durairaj Baskaran and Axel H.E. Müller -- Carbocationic polymerization / Priyadarsi De and Rudolf Faust -- Radical polymerization / Krzysztof Matyjaszewski -- Living transition metal-catalyzed alkene polymerization : polyolefin synthesis and new polymer architectures / Joseph B. Edson ... [et al.] -- Living ring-opening polymerization of heterocyclic monomers / Sanislaw Penczek ... [et al.] -- Living ring-opening metathesis polymerization / Christopher W. Bielawski and Robert H. Grubbs -- Macromolecular architectures by living and controlled/living polymerizations / Nikos Hadjichristidis ... [et al.] -- Synthesis of block and graft copolymers / Constantinos Tsitsilianis -- Morphologies in block copolymers / Volker Abetz, Adriana Boschetti-de-Fierro, and Jean-François Gohy -- Industrial applications / Dale L. Handlin, Jr. ... [et al.]. 
020 |a 9783527324927 (hbk.) 
020 |a 3527324925 (hbk.) 
700 1 |a Müller, Axel H. E.  |4 edt 
700 1 |a Matyjaszewski, K.  |q (Krzysztof)  |4 edt 
082 0 4 |a 547.28  |2 22 
650 0 |a Polymerization 
650 0 |a Polymerización 
010 |a  2010286587 
016 7 |a 015298054  |2 Uk 
040 |a UKM  |c UKM  |d YDXCP  |d BWX  |d OHX  |d TEF  |d OKU  |d DLC 
050 0 0 |a QD281  |b .C658 2009 
859 |a AR-BbSID  |b BIB. PLAPIQUI  |h 547.28  |i M912  |p 6210